<?xml version="1.0" encoding="UTF-8"?><record xmlns="http://www.loc.gov/MARC21/slim" xmlns:zs="http://docs.oasis-open.org/ns/search-ws/sruResponse">
  <leader>04629cam a2200613 i 4500</leader>
  <controlfield tag="001">22682401</controlfield>
  <controlfield tag="006">m    |o  d |      </controlfield>
  <controlfield tag="007">cr |||||||||||</controlfield>
  <controlfield tag="008">160715t20162016stka    ob    001 0 eng  </controlfield>
  <controlfield tag="005">20260504120456.8</controlfield>
  <datafield ind1=" " ind2=" " tag="010">
    <subfield code="a">  2020718212</subfield>
  </datafield>
  <datafield ind1=" " ind2=" " tag="020">
    <subfield code="a">9781474410434</subfield>
    <subfield code="q">pdf</subfield>
  </datafield>
  <datafield ind1=" " ind2=" " tag="020">
    <subfield code="a">9781474410441</subfield>
    <subfield code="q">epub</subfield>
  </datafield>
  <datafield ind1=" " ind2=" " tag="020">
    <subfield code="z">1474410421</subfield>
  </datafield>
  <datafield ind1=" " ind2=" " tag="020">
    <subfield code="z">9781474410427</subfield>
  </datafield>
  <datafield ind1=" " ind2=" " tag="040">
    <subfield code="a">DLC</subfield>
    <subfield code="b">eng</subfield>
    <subfield code="e">pn</subfield>
    <subfield code="e">rda</subfield>
    <subfield code="c">DLC</subfield>
  </datafield>
  <datafield ind1=" " ind2=" " tag="043">
    <subfield code="a">e-ru---</subfield>
  </datafield>
  <datafield ind1="0" ind2="0" tag="050">
    <subfield code="a">DK510.763</subfield>
  </datafield>
  <datafield ind1="0" ind2="4" tag="082">
    <subfield code="a">940.5</subfield>
  </datafield>
  <datafield ind1="0" ind2="4" tag="245">
    <subfield code="a">The new Russian nationalism :</subfield>
    <subfield code="b">imperialism, ethnicity and authoritarianism 2000-15 /</subfield>
    <subfield code="c">edited by Pål Kolstø and Helge Blakkisrud.</subfield>
  </datafield>
  <datafield ind1=" " ind2="1" tag="264">
    <subfield code="a">Edinburgh :</subfield>
    <subfield code="b">Edinburgh University Press,</subfield>
    <subfield code="c">[2016]</subfield>
  </datafield>
  <datafield ind1=" " ind2="4" tag="264">
    <subfield code="c">©2016</subfield>
  </datafield>
  <datafield ind1=" " ind2=" " tag="300">
    <subfield code="a">1 electronic resource (xix, 424 pages )</subfield>
  </datafield>
  <datafield ind1=" " ind2=" " tag="336">
    <subfield code="a">text</subfield>
    <subfield code="b">txt</subfield>
    <subfield code="2">rdacontent</subfield>
  </datafield>
  <datafield ind1=" " ind2=" " tag="337">
    <subfield code="a">computer</subfield>
    <subfield code="b">c</subfield>
    <subfield code="2">rdamedia</subfield>
  </datafield>
  <datafield ind1=" " ind2=" " tag="338">
    <subfield code="a">online resource</subfield>
    <subfield code="b">cr</subfield>
    <subfield code="2">rdacarrier</subfield>
  </datafield>
  <datafield ind1=" " ind2=" " tag="504">
    <subfield code="a">Includes bibliographical references (pages 362-406) and index.</subfield>
  </datafield>
  <datafield ind1="0" ind2=" " tag="505">
    <subfield code="a">The ethnification of Russian nationalism -- The imperial syndrome and its influence on Russian nationalism -- Radical nationalists from the start of Medvedev's presidency to the war in Donbas: True till death? -- Russian ethnic nationalism and religion today -- Everyday nationalism in Russia in European context: Moscow residents' perceptions of ethnic minority migrants and migration -- Backing the USSR 2.0: Russia's ethnic minorities and expansionist ethnic Russian nationalism -- Rallying 'round the leader more than the flag: Changes in Russian nationalist public opinion 2013-14 -- How nationalism and machine politics mix in Russia -- Blurring the boundary between civic and ethnic: The Kremlin's new approach to national identity under Putin's third term -- Russia as an anti-liberal European civilisation -- Ethnicity and nationhood on Russian state-aligned television: Contextualising geopolitical crisis -- The place of economics in Russian national identity debates.</subfield>
  </datafield>
  <datafield ind1=" " ind2=" " tag="506">
    <subfield code="f">Unrestricted online access</subfield>
  </datafield>
  <datafield ind1="3" ind2=" " tag="520">
    <subfield code="a">Assessing the transformation of Russian nationalist discourse in the 21st century Russian nationalism, previously dominated by 'imperial' tendencies - pride in a large, strong and multi-ethnic state able to project its influence abroad - is increasingly focused on ethnic issues. This new ethno-nationalism has come in various guises, like racism and xenophobia, but also in a new intellectual movement of 'national democracy' deliberately seeking to emulate conservative West European nationalism. Russia's annexation of Crimea in 2014 and the subsequent violent conflict in Eastern Ukraine utterly transformed the nationalist discourse in Russia. This book provides an up-to-date survey of Russian nationalism as a political, social and intellectual phenomenon by leading Western and Russian experts in the field of nationalism studies. It includes case studies on migrantophobia; the relationship between nationalism and religion; nationalism in the media; nationalism and national identity in economic policy; nationalism in the strategy of the Putin regime as well as a survey-based study of nationalism in public opinion.</subfield>
  </datafield>
  <datafield ind1=" " ind2=" " tag="540">
    <subfield code="a">Creative Commons Attribution-NoDerivatives 4.0 International </subfield>
    <subfield code="f">CC BY-ND 4.0</subfield>
    <subfield code="u">https://creativecommons.org/licenses/by-nd/4.0/legalcode</subfield>
  </datafield>
  <datafield ind1=" " ind2=" " tag="546">
    <subfield code="a">Text in English.</subfield>
  </datafield>
  <datafield ind1=" " ind2=" " tag="588">
    <subfield code="a">Description based on print version record; resource not viewed.</subfield>
  </datafield>
  <datafield ind1=" " ind2="7" tag="648">
    <subfield code="a">2000-2099</subfield>
    <subfield code="2">fast</subfield>
  </datafield>
  <datafield ind1=" " ind2="0" tag="650">
    <subfield code="a">Nationalism</subfield>
    <subfield code="z">Former Soviet republics.</subfield>
  </datafield>
  <datafield ind1=" " ind2="0" tag="650">
    <subfield code="a">Nationalism</subfield>
    <subfield code="z">Russia (Federation)</subfield>
  </datafield>
  <datafield ind1=" " ind2="0" tag="650">
    <subfield code="a">Russians</subfield>
    <subfield code="x">Ethnic identity.</subfield>
  </datafield>
  <datafield ind1=" " ind2="7" tag="650">
    <subfield code="a">Ethnic relations.</subfield>
    <subfield code="2">fast</subfield>
    <subfield code="0">(OCoLC)fst00916005</subfield>
  </datafield>
  <datafield ind1=" " ind2="7" tag="650">
    <subfield code="a">Nationalism.</subfield>
    <subfield code="2">fast</subfield>
    <subfield code="0">(OCoLC)fst01033832</subfield>
  </datafield>
  <datafield ind1=" " ind2="7" tag="650">
    <subfield code="a">Politics and government.</subfield>
    <subfield code="2">fast</subfield>
    <subfield code="0">(OCoLC)fst01919741</subfield>
  </datafield>
  <datafield ind1=" " ind2="7" tag="650">
    <subfield code="a">Russians</subfield>
    <subfield code="x">Ethnic identity.</subfield>
    <subfield code="2">fast</subfield>
    <subfield code="0">(OCoLC)fst01102434</subfield>
  </datafield>
  <datafield ind1=" " ind2="0" tag="651">
    <subfield code="a">Russia (Federation)</subfield>
    <subfield code="x">Ethnic relations.</subfield>
  </datafield>
  <datafield ind1=" " ind2="0" tag="651">
    <subfield code="a">Russia (Federation)</subfield>
    <subfield code="x">Politics and government</subfield>
    <subfield code="y">21st century.</subfield>
  </datafield>
  <datafield ind1=" " ind2="7" tag="651">
    <subfield code="a">Russia (Federation)</subfield>
    <subfield code="2">fast</subfield>
    <subfield code="0">(OCoLC)fst01262050</subfield>
  </datafield>
  <datafield ind1=" " ind2="7" tag="651">
    <subfield code="a">Soviet Union</subfield>
    <subfield code="z">Former Soviet republics.</subfield>
    <subfield code="2">fast</subfield>
    <subfield code="0">(OCoLC)fst01262458</subfield>
  </datafield>
  <datafield ind1="1" ind2=" " tag="700">
    <subfield code="a">Blakkisrud, Helge,</subfield>
    <subfield code="e">editor.</subfield>
  </datafield>
  <datafield ind1="1" ind2=" " tag="700">
    <subfield code="a">Kolstø, Pål,</subfield>
    <subfield code="e">editor.</subfield>
  </datafield>
  <datafield ind1="0" ind2="8" tag="776">
    <subfield code="i">Print version:</subfield>
    <subfield code="t">The new Russian nationalism</subfield>
    <subfield code="d">Edinburgh : Edinburgh University Press, [2016]</subfield>
    <subfield code="z">9781474410427</subfield>
    <subfield code="w">(DLC)  2016429017</subfield>
  </datafield>
  <datafield ind1="4" ind2="0" tag="856">
    <subfield code="d">gdcebookspublic</subfield>
    <subfield code="f">2020718212</subfield>
    <subfield code="u">https://hdl.loc.gov/loc.gdc/gdcebookspublic.2020718212</subfield>
  </datafield>
  <datafield ind1=" " ind2=" " tag="906">
    <subfield code="a">7</subfield>
    <subfield code="b">cbc</subfield>
    <subfield code="c">origcop</subfield>
    <subfield code="d">u</subfield>
    <subfield code="e">ncip</subfield>
    <subfield code="f">20</subfield>
    <subfield code="g">y-gencatlg</subfield>
  </datafield>
  <datafield ind1="0" ind2=" " tag="925">
    <subfield code="a">acquire</subfield>
    <subfield code="e">doabebook</subfield>
    <subfield code="x">policy default</subfield>
  </datafield>
  <datafield ind1=" " ind2=" " tag="985">
    <subfield code="a">gdc/doab</subfield>
  </datafield>
  <datafield ind1=" " ind2=" " tag="985">
    <subfield code="a">gdc/scd</subfield>
  </datafield>
  <datafield ind1=" " ind2=" " tag="991">
    <subfield code="b">s-Online</subfield>
    <subfield code="h">Electronic Resource</subfield>
  </datafield>
</record>
